Dinámica de grupos en formación de formadores: casos prácticos
Na minha lista:
| Principais autores: | , |
|---|---|
| Formato: | Livro |
| Idioma: | espanhol |
| Publicado em: |
Barcelona
Herder
1999
|
| Edição: | 3a. ed |
| coleção: | Biblioteca de Psicología. Textos Universitarios
|
| Assuntos: | |
| Tags: |
Adicionar Tag
Sem tags, seja o primeiro a adicionar uma tag!
|
MARC
| LEADER | 00000cam a2200000 a 4500 | ||
|---|---|---|---|
| 001 | UCO7021 | ||
| 003 | CL-VaPUC | ||
| 008 | 001103e19990000SP |||||||||||||||||spa|d | ||
| 020 | |a 9788425421020 | ||
| 082 | 0 | 4 | |a 302.3 |b TOR |2 21 |
| 100 | 0 | |a Torres Medina, Carmen |e author |9 451657 | |
| 700 | 0 | |a Pérez de Villar Ruiz, María José |e author |9 451658 | |
| 245 | 1 | 0 | |a Dinámica de grupos en formación de formadores: casos prácticos |
| 250 | |a 3a. ed | ||
| 300 | |a 229 p | ||
| 942 | |c BK | ||
| 945 | |d 20001103 00:00:00 |a vberengu | ||
| 260 | |a Barcelona |b Herder |c 1999 | ||
| 650 | 0 | |a Dinámica de grupos |9 259862 | |
| 650 | 7 | |a FORMACION DE FORMADORES |2 CL-VaPUC |9 451659 | |
| 650 | 0 | |a Métodos de enseñanza |9 270413 | |
| 583 | |a last modification |c 20171005 02:38:07 |k Rodrigo Vera | ||
| 490 | 0 | |a Biblioteca de Psicología. Textos Universitarios | |
| 999 | |c 292245 |d 292243 | ||
| 952 | |0 0 |1 0 |3 erb |4 0 |6 302_300000000000000_TOR_1999 |7 0 |8 A |9 342970 |a BIBEDU |b BIBEDU |d 2019-11-20 |i 3661318 |o 302.3 TOR 1999 |p 3661318 |r 2019-11-20 |w 2019-11-20 |y BK |k BME | ||
| 952 | |0 0 |1 0 |4 0 |6 302_300000000000000_TOR_1999 |7 0 |8 A |9 342971 |a BIBEDU |b BIBEDU |d 2019-11-20 |i 4901207 |o 302.3 TOR 1999 |p 4901207 |r 2019-11-20 |w 2019-11-20 |y BK |k PSI | ||
| 952 | |0 0 |1 0 |4 0 |6 302_300000000000000_TOR_1999 |7 0 |8 A |9 342972 |a BIBEDU |b BIBEDU |d 2019-11-20 |i 4901215 |o 302.3 TOR 1999 |p 4901215 |r 2019-11-20 |w 2019-11-20 |y BK |k PSI | ||